00264nam a22001097a 4500003000400000020001500004082001700019100001500036245006200051260003300113300000800146SGT a0385506198 a973.92bT02K aKLEIN, JOE aTHE NATURAL: THE MISUNDERSTOOD PRESIDENCY OF BILL CLINTON bDOUBLEDAY RANDOM HOUSEc2002 a230